|
|
|
|
| LEADER |
00000nab a2200000 a 4500 |
| 001 |
vtls000803437 |
| 003 |
SK-MaSNL |
| 005 |
20260305014100.0 |
| 008 |
180206c2002 xo 0 slo |
| 015 |
|
|
|a SNBRB2002/08-26259
|
| 035 |
|
|
|a CLN000155092
|
| 040 |
|
|
|a SNKBUCL
|b slo
|c SNKBUCL
|e AACR2
|
| 041 |
0 |
|
|a slo
|
| 044 |
|
|
|a xo
|c SK
|
| 080 |
|
|
|a 368.42/.46.031(437.6)
|2 UDC-MRF-SK2
|
| 110 |
0 |
|
|a Sociálna poisťovňa (Slovensko)
|4 aut
|9 30541
|
| 245 |
0 |
0 |
|a Výročná správa o činnosti Sociálnej poisťovne v roku 2001
|b (skrátená verzia - I. časť)
|
| 500 |
|
|
|a Dokončenie v č. 9/2002
|
| 610 |
|
7 |
|a Sociálna poisťovňa (Slovensko)
|x správy výročné
|y 2001
|2 snkbucl
|9 1591978
|
| 655 |
|
7 |
|a články z novín a časopisov
|2 snkbucl
|9 267496
|
| 773 |
0 |
|
|x 1335-4795
|t Národné poistenie
|g Roč. 34, č. 8 (2002)
|
| 773 |
0 |
|
|x 1335-4795
|t Príloha
|g Č. 8 (2002), s. 9-16
|
| 850 |
|
|
|a Slovenská národná knižnica v Martine
|
| 852 |
|
|
|a SNK
|b KIS3GCP
|
| 958 |
|
|
|a RBX
|
| 999 |
|
|
|c 3267539
|d 3269469
|